000
00230 a2200097 4500
001
14596
100
_a
Abdul Fazal
245
_a
Selection from mishkat ul masahik
260
_a
Lahore
_b
Sind sagar academy
_c
090
_c
11407
_d
11407
942
_a
NUST-CAE
_c
M
_c
1567
999
_c
249669
_d
249669